00257nam a22001097a 4500008004100000020001800041041000800059080001200067100000700079101000800086245005300094180917b xxu||||| |||| 00| 0 eng d a9780130520364 aeng a721.063 a62 aAUD aAuditing An Integrated ApproachcLemon .A